000 01327nam a2200337 i 4500
003 EG-GICUC
005 20260212134717.0
008 260212s2001 ua||||fr|||| 00| 0 ara d
017 _a2001/9841
020 _a9770434655
040 _a EG-GICUC
_bara
_c EG-GICUC
_d EG-GICUC
_erda
041 0 _aara
082 0 4 _a343.3911
_bم د . ت
_221
092 0 4 _221
099 _aLaw1 10 343.3911 م د . ت 2001 1005956
100 0 _aمدحت رمضان
_eمؤلف.
245 1 0 _aتدعيم قرينة البراءة في مرحلة جمع الاستدلالات في ضوء تعديلات قانون الاجراءات الجنائية الفرنسي /
_cدكتور مدحت رمضان.
264 1 _aالقاهرة :
_bدار النهضة العربية،
_c2001.
300 _a78 صفحة ؛
_c24 سم.
_bإيضاحيات، صور، مثيليات ؛
336 _2rda content
_atext
337 _2rda media
_aComputer
338 _2rda carrier
_aOnline Resource
504 _aيشتمل على ارجاعات ببليوجرافية.
546 _aالنص باللغة العربية
650 1 4 _aقرينة البراءة
_2qrmak
650 1 4 _aالقانون الجنائي.
_2qrmak
651 1 _2qrmak
856 4 0 _uhttps://fll.law.cu.edu.eg/fulltext/bks/B10-05956.pdf
905 _a18
942 _2ddc
_cBK
_e21
_n0
999 _c62801
_d62801